10 places with Christmas-related names (on a map) - Statistics

General Stats
  • This quiz has been taken 173 times
  • The average score is 6 of 10
Answers on the Map
Answers color-coded by a green-red scale on the quiz's map according to % correct below.
 
Answer Stats
Answer % Correct
One of the external territories of Australia Christmas Island (Australia)
84%
Shares its name with a man who wears red and brings presents during Christmas night Santa Claus (Indiana, United States)
80%
This South African city shares its name with the birthplace of Jesus Bethlehem (South Africa)
72%
A lake which shares its name with the place where Santa lives North Pole Lake (Nunavut, Canada)
69%
Canadian town whose name is similar to the word for Christmas in French Noel (Nova Scotia, Canada)
61%
Second largest city in Nevada whose name means Reindeer in Spanish Reno (Nevada, United States)
54%
One of Brazil's state capitals. Its name means Christmas in Portuguese Natal (Rio Grande do Norte, Brazil)
47%
Shares its name with the period before Christmas in Christianity Advent (West Virginia, United States)
45%
Its name means Christmas Sandbar in Spanish Barra de Navidad (Jalisco, Mexico)
38%
It means Christmas City in French Noëlville (Ontario, Canada)
29%
No matching quizzes found
Score Distribution
Percent of People with Each Score
Percentile by Number Answered
Your Score History
You have not taken this quiz